000 01654nam a2200349 4500
001 160
003 OSt
005 20250528074013.0
008 250129b |||||||e |||| 00| 1 eng d
020 _a8585865695
040 _bpor
041 _heng
_apor
082 _a823
_bC624f
100 1 _aCleland, John,
_d1709-1789
_9304
240 _aFanny Hill or Memoirs of a woman of pleasure
245 _aFanny Hill ou Memórias de uma mulher de prazer /
_cCleland, John ; Tradução de Eduardo Francisco Alves e Apresentação de Peter Wagner
250 _a3° edição
260 _aSão Paulo
_bEstação Liberdade
_c1997
300 _a311 p.
520 _aMemórias de uma mulher de prazer, comumente conhecido como Fanny Hill, é um dos grandes clássicos da literatura do século XVIII. História de uma prostituta e sua ascendência à respeitabilidade, Fanny Hill está sendo reconhecido mais recentemente como uma combinação única de paródia, entretenimento sensual e um conceito filosófico de sexualidade emprestado dos romances libertinos franceses. Os leitores terão a oportunidade de conhecer tanto o pensamento revolucionário na época do Iluminismo, como também uma ficção erótica, que mereceu destaque na história do romance inglês e mundial.
650 0 _aLiteratura Inglesa
_989
650 0 _aAmor e Paixão
_925
650 0 _aEmponderamento
_932
650 0 _aErótico
_9305
650 0 _aPolêmica
_9117
650 0 _aClássicos
_977
655 0 _aRomance
_923
655 0 _aFicção
_922
700 _aEduardo Francisco Alves
_eTradutor
_9306
700 _aPeter Wagner
_eApresentação
_9307
942 _2ddc
_n0
_cBK
999 _c160
_d160